1611 1312 1653 1867 1596 1638 1891 1220 1942 1903 1760 1762 1238 1075 1662 1931 1308 1468 1241 1085 1065 1359 1978 1208 1034 1082 1932 1087 1024 1333 1793 1959 1507 1061 1762 1585 1871 1784 1524 1768 1103 1353 1694 1205 1603 1405 1803 1497 1791 1056 1706 1379 1587 1425 1155 1669 1042 1293 1462 1454 1037 1461 1222 1149 1516 1566 1848 1798 1108 1544 1415 1521 1235 1193 1314 1762 1506 1191 1180 1743 1546 1917 1254 1828 1937 1625 1585 1809 1962 1518 1650 1627 1503 1885 1158 1379 1937 1098 1009 BCNSPRNW ULIB Ver.6.0+V

เปลี่ยนเป็นภาษาไทย

Change to English
 แสดงรายละเอียดบรรณานุกรม
  กลับหน้าหลัก

Brief Record : Get Marc (ISO 2709) : E-mail record : QR code < ปิดหน้าต่าง
LEADER : 00000nam 2200000uu 4500
001    13399124178
003     ULIB
008    150123s2256||||th 000 0 tha d
020    ^a9786163355218
060 04 ^aWU100^bร331ป
100 0  ^aรัชดาภรณ์ เค้ามงคลกิจ
245 10 ^aปากอักเสบเหตุฟันเทียม =^bDenture stomatitis. /^cรัชดาภรณ์ เค้ามงคลกิจ
246 31 ^aDenture stomatitis
250    ^aพิมพ์ครั้งที่ 1
260    ^aเชียงใหม่ :^bทรีโอแอดเวอร์ไทซิ่งแอนด์มีเดีย,^c2556
300    ^a186 หน้า :^bภาพประกอบ ;^c25 ซม.
650  4 ^aปาก^xโรค
650  4 ^aฟันปลอม
945    ^p590^l0^i038835
945    ^p590^l0^i038836
945    ^p590^l0^i038837
945    ^p590^l0^i038838
945    ^p590^l0^i038839
945    ^p590^l0^i038840
945    ^p590^l0^i038841
945    ^p590^l0^i038842
999    ^aเกษร โพธิ์สุวรรณ
รายการนี้ยังไม่มีแท็ก
คุณยังไม่ได้ล็อกอิน คุณสามารถมีกิจกรรมร่วมกับเว็บไซต์ได้ แต่ต้องล็อกอินก่อน ::
  ล็อกอิน

รายการสื่อสารสนเทศ

ลำดับที่ ประเภท เลขเรียก/บาร์โค้ด สถานที่ สถานะ
1. วิทยาศาสตร์การแพทย์ และสุขภาพ
หนังสือสำรอง
สถานะ=หนังสือสำรอง
WU100 ร331ป ฉ.1 
  Barcode: 038835
ห้องสมุดวิทยาเขตสวรรค์ประชารักษ์
►ส่วนจัดเก็บหนังสือเก่า สปร
บนชั้น
  ขอยืม
2. วิทยาศาสตร์การแพทย์ และสุขภาพ
วิทยาศาสตร์การแพทย์ และสุขภาพ
WU100 ร331ป ฉ.2 
  Barcode: 038836
ห้องสมุดวิทยาเขตสวรรค์ประชารักษ์
►ส่วนจัดเก็บหนังสือเก่า สปร
บนชั้น
  ขอยืม
3. วิทยาศาสตร์การแพทย์ และสุขภาพ
วิทยาศาสตร์การแพทย์ และสุขภาพ
WU100 ร331ป ฉ.3 
  Barcode: 038837
ห้องสมุดวิทยาเขตสวรรค์ประชารักษ์
►ส่วนจัดเก็บหนังสือเก่า สปร
บนชั้น
  ขอยืม
4. วิทยาศาสตร์การแพทย์ และสุขภาพ
วิทยาศาสตร์การแพทย์ และสุขภาพ
WU100 ร331ป ฉ.4 
  Barcode: 038838
ห้องสมุดวิทยาเขตสวรรค์ประชารักษ์
►ส่วนจัดเก็บหนังสือเก่า สปร
บนชั้น
  ขอยืม
5. วิทยาศาสตร์การแพทย์ และสุขภาพ
วิทยาศาสตร์การแพทย์ และสุขภาพ
WU100 ร331ป ฉ.5 
  Barcode: 038839
ห้องสมุดวิทยาเขตสวรรค์ประชารักษ์
►ส่วนจัดเก็บหนังสือเก่า สปร
บนชั้น
  ขอยืม
6. วิทยาศาสตร์การแพทย์ และสุขภาพ
วิทยาศาสตร์การแพทย์ และสุขภาพ
WU100 ร331ป ฉ.6 
  Barcode: 038840
ห้องสมุดวิทยาเขตสวรรค์ประชารักษ์
►ส่วนจัดเก็บหนังสือเก่า สปร
บนชั้น
  ขอยืม
7. วิทยาศาสตร์การแพทย์ และสุขภาพ
วิทยาศาสตร์การแพทย์ และสุขภาพ
WU100 ร331ป ฉ.7 
  Barcode: 038841
ห้องสมุดวิทยาเขตสวรรค์ประชารักษ์
►ส่วนจัดเก็บหนังสือเก่า สปร
บนชั้น
  ขอยืม
8. วิทยาศาสตร์การแพทย์ และสุขภาพ
วิทยาศาสตร์การแพทย์ และสุขภาพ
WU100 ร331ป ฉ.8 
  Barcode: 038842
ห้องสมุดวิทยาเขตสวรรค์ประชารักษ์
►ส่วนจัดเก็บหนังสือเก่า สปร
บนชั้น
  ขอยืม

รายการใกล้เคียง
    ผู้แต่ง [รัชดาภรณ์ เค้ามงคลกิจ]

    หัวเรื่อง [ฟันปลอม]

BibComment


ยังไม่เคยถูกคอมเมนท์

คอมเมนท์ทรัพยากรรายการนี้
  คอมเมนท์: ปากอักเสบเหตุฟัน..


 Copyright 2026. Bcnsprnw @Library